Sub-contract (non-nominated) .... approved by the National Federation of Building Trades Employers, the Federation of Associations of Specialists and Sub-Contractors, the Committee of Associations of Specialist Engineering Contractors (Record no. 86386)

MARC details
000 -LEADER
fixed length control field 00700cam a2200193 4500
001 - CONTROL NUMBER
control field D7393
008 - FIXED-LENGTH DATA ELEMENTS--GENERAL INFORMATION
fixed length control field 090401t1978 xxu||||| |||| 00| 0 eng d
035 ## - SYSTEM CONTROL NUMBER
System control number (Sirsi) u7051
041 ## - LANGUAGE CODE
Language code of text/sound track or separate title eng
050 ## - LIBRARY OF CONGRESS CALL NUMBER
Classification number 692.9
110 ## - MAIN ENTRY--CORPORATE NAME
Corporate name or jurisdiction name as entry element National Federation of Building Trades Employers
9 (RLIN) 1526
245 ## - TITLE STATEMENT
Title Sub-contract (non-nominated) .... approved by the National Federation of Building Trades Employers, the Federation of Associations of Specialists and Sub-Contractors, the Committee of Associations of Specialist Engineering Contractors
250 ## - EDITION STATEMENT
Edition statement Rev
260 ## - PUBLICATION, DISTRIBUTION, ETC.
Place of publication, distribution, etc. London
Name of publisher, distributor, etc. National Federation of Building Trades E
Date of publication, distribution, etc. 1978
300 ## - PHYSICAL DESCRIPTION
Extent 28p. 30cm
350 ## - PRICE (NR) (BK AM CF MU VM SE) [OBSOLETE]
Price 0
942 ## - ADDED ENTRY ELEMENTS (KOHA)
Suppress in OPAC 0
948 ## - LOCAL PROCESSING INFORMATION (OCLC); SERIES PART DESIGNATOR (RLIN)
c (OCLC) 04/03/1997
Holdings
Withdrawn status Lost status Source of classification or shelving scheme Damaged status Not for loan Home library Current library Shelving location Date acquired Total Checkouts Full call number Barcode Date last seen Copy number Price effective from Koha item type
    Dewey Decimal Classification     London London Basement 14/09/1999   BASEMENT 30004738 06/08/2019 2 06/08/2019 Reference material